000 00286nam a22001337a 4500
008 210607b ||||| |||| 00| 0 eng d
041 _aeng
080 _22nd
_a510
082 _a510
100 _a38
101 _aMAT
245 _aIntroductory Algebra
_cJ. P. Wood
942 _2udc
_cBK
999 _c58006
_d58006